| 000 | 00000nas 2200000za 4500 |
| 001 | 9.813524 |
| 003 | CaOODSP |
| 005 | 20250516115834 |
| 007 | cr ||||||||||| |
| 008 | 160322c20149999oncar p os f0 |0fre|d |
| 022 | |a2562-8771|y1925-380X |
| 040 | |aCaOODSP|bfre |
| 043 | |an-cn--- |
| 086 | 1 |aA71-40F-PDF |
| 245 | 00|aAperçu statistique de l'industrie de l'érable au Canada |h[ressource électronique]. |
| 246 | 13|aAperçu statistique de l'industrie acéricole du Canada|f2021- |
| 260 | |aOttawa : |bAgriculture et Agroalimentaire Canada, |cc2014- |
| 310 | |aAnnuel |
| 362 | 1 |aParaît depuis 2012. |
| 500 | |aPublié aussi en anglais sous le titre : Statistical overview of the Canadian maple industry. |
| 550 | |aRédigé 2012-2017 par Section des analyses et des renseignements sur les marchés, Division de l'horticulture et des enjeux pan sectoriels; 2018 par Division des cultures et de l'horticulture. |
| 692 | 07|2gccst|aProduit de l'érable |
| 692 | 07|2gccst|aStatistiques de l'agriculture |
| 710 | 1 |aCanada. |bAgriculture et agroalimentaire Canada. |bSection des analyses et des renseignements sur les marchés. |
| 775 | 08|tStatistical overview of the Canadian maple industry |w(CaOODSP)9.813512 |